| 000 | 01065nmm a2200325 a 4500 | ||
|---|---|---|---|
| 001 | ocm0001864566 | ||
| 003 | TR-IsHL | ||
| 005 | 20201028171634.0 | ||
| 008 | 180329s2017 tu tur | ||
| 007 | cr cn | ||
| 020 | _a9786051511122 | ||
| 035 |
_a1864566 _b(N$T) |
||
| 050 | 0 | 4 |
_aPL248.D365 _bA76 2017 |
| 090 | 0 | 4 |
_aPL248.D365 _bA76 2017 |
| 100 | 1 | _aDamla, Nurdan | |
| 245 | 1 | 0 |
_aAşka adanmış bir ömür: Hz. Hatice _h[electronic resource] / _cNurdan Damla ; yayın editörü Esranur Bayrak |
| 250 | _aAltmışaltıncı basım | ||
| 260 |
_aİstanbul : _bHayat Yayıncılık, _c2017 |
||
| 300 | _a393 p. | ||
| 500 |
_aKaynakça var. _x |
||
| 650 | 4 | _aDil ve Edebiyat | |
| 650 | 4 | _aLanguage and Literature | |
| 650 | 0 | _aDini roman, Türk | |
| 650 | 0 | _aReligious fiction, Turkish | |
| 650 | 0 | _aTürk romanı | |
| 650 | 0 | _aTurkish fiction | |
| 650 | 7 |
_aLITERARY COLLECTIONS / Middle Eastern _2bisacsh |
|
| 700 | 1 | _aBayrak, Esranur | |
| 856 | 4 | 0 | _uhttp://search.ebscohost.com/login.aspx?direct=true&scope=site&db=e011xww&AN=1864566 |
| 999 |
_c16803 _d16803 |
||